| 000 | 00794nam a2200205 a 4500 | ||
|---|---|---|---|
| 999 |
_c2452 _d2452 |
||
| 001 | 2452 | ||
| 003 | BD-JhCC | ||
| 005 | 20171105180958.0 | ||
| 008 | 171102s2001 bg ||||| |||| 00| 0 ben d | ||
| 035 | _a(BD-JhCC) | ||
| 040 |
_aBD-JhCC _dBD-JhCC |
||
| 041 | _aben | ||
| 082 |
_a320.014 _bHUS 2001 |
||
| 100 | _aহুসাইন, সা‘দত | ||
| 245 |
_aএকুশে ফেব্রুয়ারি আন্তর্জাতিক মাতৃভাষা দিবস / _cড. সা‘দত হুসাইন |
||
| 260 |
_aঢাকা : _bজাতীয় শিক্ষাক্রম ও পাঠ্যপুস্তক বোর্ড ; _c২০০১ |
||
| 300 |
_a৩৫ পৃ. ; _c২২ সেমি |
||
| 650 | _aInternational Mother language | ||
| 942 |
_2ddc _cBK |
||